| 000 | 00339nam a2200133Ia 4500 | ||
|---|---|---|---|
| 082 |
_a624.15136 _bRAN |
||
| 100 | _aRanjan, Gopal, | ||
| 245 | _aBasic and applied soil mechanics | ||
| 250 | _a2nd Rev. . . . Ed. | ||
| 260 |
_bNew Age International Publication _aNew Delhi _c2012 |
||
| 300 | _a762p. | ||
| 700 | _aRao,ASR | ||
| 942 |
_2ddc _cBK _05 |
||
| 999 |
_c5760 _d5760 |
||